| 000 | 00811nam0a22002531 4500 | ||
|---|---|---|---|
| 001 | rc\188217 | ||
| 005 | 20250620224254.0 | ||
| 010 |
_a5-295-01416-9 _99000 |
||
| 035 | _a(NLR Aleph) 005445782 | ||
| 090 |
_a4805370 _c4805370 |
||
| 100 | _a20030307d1994 |||y0rusy50 ca | ||
| 101 | 0 | _arus | |
| 102 | _aRU | ||
| 105 | _ay ||||||||| | ||
| 200 | 1 |
_aВоспевшие Салавата _eОбраз батыра в рус. лит. _e(Худож.-краевед. очерки) |
|
| 210 |
_aУфа _cБашк. изд-во "Китап" _d1994 |
||
| 215 |
_a158, [2] с. _d17 |
||
| 600 | 0 |
_aСалават Юлаев _2psbo |
|
| 700 | 1 |
_aРахимкулов _bМ.Г. _f1925- _gМурат Галимович |
|
| 801 | 0 |
_aRU _bNLR _gpsbo |
|
| 801 | 1 |
_aRU _bELAR _2rusmarc |
|
| 852 |
_aNLR _j94-2/26 |
||
| 942 | _cBOOK | ||
| 980 | _aNB | ||